Plats de l'Amérique du Sud - Mort Subite - Statistiques

Statistiques générales
  • Ce quiz a été pris 67 fois
  • Le résultat moyen est 3 sur 16
Answers on the Grid
Answers color-coded by a green-red scale on the quiz's grid according to % correct below.
Ceviche
Feijoada brésilienne
Pepperpot guyanais
Sopa paraguaya
Choripán
Fondue
Bifana
Enchiladas
Chilaquiles
Pachamanca
Bobó de camarão
Pabellón criollo
Fugazza / Fugazzetta
Poutine
Medianoche
Fish and chips
Pom
Guatita
Bandeja paisa
Pastel de choclo
Fosforito
Ndolé
Cachupa
Fabada asturiana
Chivito
Salteña
Conejo en salmorejo
Morue à l'ajoarriero
 
Statistiques - réponses
Réponse % Correct
Ceviche
45%
Feijoada brésilienne
41%
Sopa paraguaya
27%
Choripán
25%
Pastel de choclo
24%
Pepperpot guyanais
18%
Bobó de camarão
16%
Chivito
12%
Pabellón criollo
12%
Salteña
12%
Bandeja paisa
10%
Fosforito
6%
Pachamanca
6%
Fugazza / Fugazzetta
4%
Guatita
4%
Pom
4%
Aucun quiz correspondant
Distribution des résultats
% des personnes avec chaque résultat
Percentile par nombre de réponses
Votre historique - résultats
Vous n’avez pas pris ce quiz